[Event "San Felipe zt"]
[Site "San Felipe"]
[Date "1999.??.??"]
[Round "5"]
[White "Denny, Kevin"]
[Black "Warner, Delisle"]
[Result "1-0"]
[WhiteElo "2302"]
[BlackElo "2199"]
[EventDate "1999.??.??"]
[PlyCount "62"]

1.e4 e6 2.d4 d5 3.Nd2 Nf6 4.e5 Nfd7 5.Bd3 c5 6.c3 Nc6 7.Ne2 f6 8.exf6 Nxf6
9.Nf3 cxd4 10.cxd4 Bd6 11.O-O Qb6 12.b3 e5 13.dxe5 Nxe5 14.Nxe5 Bxe5 15.
Be3 Qd6 16.Rc1 Bxh2+ 17.Kh1 Ng4 18.Bb5+ Bd7 19.Bxd7+ Qxd7 20.Bc5 Qf5 21.f3
Ne3 22.Bxe3 Qh5 23.Ng1 Bf4+ 24.Nh3 Bxe3 25.Re1 Qe5 26.f4 Qe6 27.Qh5+ Kf8 
28.Rxe3 Qxe3 29.Qf5+ Kg8 30.Qxd5+ Kf8 31.Qf5+ Kg8 1-0

[Event "San Felipe zt"]
[Site "San Felipe"]
[Date "1999.??.??"]
[Round "5"]
[White "Dominguez, Jose Manuel"]
[Black "Alvarez Marquez, Johan"]
[Result "0-1"]
[WhiteElo "2325"]
[BlackElo "2193"]
[EventDate "1999.??.??"]
[PlyCount "73"]

1.Nf3 Nf6 2.g3 g6 3.Bg2 Bg7 4.O-O O-O 5.d3 d5 6.Nbd2 c5 7.e4 Nc6 8.c3 e5 
9.Re1 d4 10.Nc4 Ne8 11.a3 b5 12.Ncd2 Nd6 13.a4 dxc3 14.bxc3 b4 15.Bb2 a5 
16.cxb4 axb4 17.Qc2 Ba6 18.Qxc5 Rc8 19.Qe3 Nd4 20.Nxd4 exd4 21.Qe2 Rc2 22.
Reb1 Nc4 23.Bc1 Ne5 24.Qd1 Rc3 25.Bb2 Nxd3 26.Bxc3 bxc3 27.Nf3 Nc5 28.e5 
d3 29.Rb4 Qa5 30.Qb1 c2 31.Qb2 Bh6 32.Rh4 Bg7 33.Rb4 Nd7 34.Re1 Nxe5 35.
Nxe5 Bxe5 36.Rxe5 Qxe5 37.Qc1 0-1

[Event "San Felipe zt"]
[Site "San Felipe"]
[Date "1999.??.??"]
[Round "5"]
[White "Mera Cedeno, Angel"]
[Black "Rohl Montes, Juan Armando"]
[Result "0-1"]
[WhiteElo "2361"]
[BlackElo "2360"]
[EventDate "1999.??.??"]
[PlyCount "74"]

1.c4 e5 2.g3 d6 3.Nc3 f5 4.d4 exd4 5.Qxd4 Nc6 6.Qd2 Nf6 7.Bg2 Be7 8.b3 Ne5
9.Bb2 c6 10.Rd1 Be6 11.c5 d5 12.Nxd5 Nxd5 13.Bxe5 Bxc5 14.a3 Bxa3 15.Bxg7 
Bb4 16.Bxh8 Bxd2+ 17.Rxd2 Qa5 18.Nf3 O-O-O 19.Bd4 c5 20.Bb2 Ne7 21.Bc1 
Rxd2 22.Nxd2 Nc6 23.O-O Nd4 24.Nc4 Bxc4 25.bxc4 Nxe2+ 26.Kh1 Nxc1 27.Rxc1 
Qd2 28.Rf1 f4 29.Kg1 Kc7 30.Rb1 b6 31.Bf1 fxg3 32.hxg3 a5 33.Ra1 Qc3 34.
Ra2 Qb3 35.Re2 a4 36.Re7+ Kd6 37.Rxh7 a3 0-1

[Event "San Felipe zt"]
[Site "San Felipe"]
[Date "1999.??.??"]
[Round "5"]
[White "Santa Torres, Luis A"]
[Black "Melendez Tirado, Bernardo Ramon"]
[Result "0-1"]
[WhiteElo "2222"]
[BlackElo "2135"]
[EventDate "1999.??.??"]
[PlyCount "70"]

1.d4 Nf6 2.c4 c5 3.d5 e5 4.Nc3 d6 5.e4 Be7 6.Nf3 O-O 7.Be2 Nbd7 8.O-O Ne8 
9.Ne1 Bg5 10.Nd3 Bxc1 11.Qxc1 Qe7 12.a3 g6 13.b4 b6 14.a4 a5 15.bxc5 bxc5 
16.f4 f5 17.exf5 gxf5 18.fxe5 dxe5 19.Nb5 Ra6 20.Ra3 Qg7 21.Bh5 Nef6 22.
Rxf5 Nxh5 23.Rxh5 Rg6 24.Ra2 Ba6 25.Qe3 Nf6 26.Rh3 Ng4 27.Qe4 Bc8 28.Rf3 
Rxf3 29.Qxf3 Rf6 30.Qe2 Qh6 31.h3 Ne3 32.Ne1 Rf1+ 33.Kh2 Qf4+ 34.g3 Qh6 
35.Qg4+ Nxg4+ 0-1

[Event "San Felipe zt"]
[Site "San Felipe"]
[Date "1999.??.??"]
[Round "5"]
[White "Sosa, Luis"]
[Black "Yanez, Wilbert"]
[Result "1/2-1/2"]
[WhiteElo "2254"]
[BlackElo "2230"]
[EventDate "1999.??.??"]
[PlyCount "85"]

1.e4 c6 2.d4 d5 3.f3 g6 4.Nc3 Bg7 5.Be3 dxe4 6.fxe4 Nf6 7.Nf3 Qa5 8.Qd2 
O-O 9.Bd3 Ng4 10.Bg5 e5 11.d5 cxd5 12.Nxd5 Qxd2+ 13.Nxd2 Nc6 14.h3 f6 15.
Nc7 Rb8 16.Bc4+ Kh8 17.hxg4 fxg5 18.Nf3 Bf6 19.Be6 Nd4 20.Nxd4 exd4 21.Rf1
Be7 22.O-O-O Rxf1 23.Rxf1 Bd6 24.Bxc8 Bxc7 25.Be6 Bf4+ 26.Kd1 Re8 27.Bd5 
Re7 28.Ke2 Kg7 29.Kd3 Be5 30.Rh1 Rc7 31.Rh3 b5 32.Rf3 a5 33.Rf1 h6 34.Rf3 
Bf6 35.Rh3 Rc5 36.Rh1 b4 37.Rh3 a4 38.Kd2 Be5 39.a3 Bf4+ 40.Kd1 b3 41.c3 
Rc8 42.Ke2 Rc7 43.Kd3 1/2-1/2

[Event "San Felipe zt"]
[Site "San Felipe"]
[Date "1999.??.??"]
[Round "6"]
[White "Alvarez Marquez, Johan"]
[Black "Rohl Montes, Juan Armando"]
[Result "1/2-1/2"]
[WhiteElo "2193"]
[BlackElo "2360"]
[EventDate "1999.??.??"]
[PlyCount "26"]

1.d4 Nf6 2.c4 g6 3.Nc3 Bg7 4.Nf3 O-O 5.Bg5 c5 6.e3 cxd4 7.exd4 d5 8.Be2 
dxc4 9.Bxc4 Bg4 10.O-O Nc6 11.d5 Ne5 12.Be2 Bxf3 13.Bxf3 Qb6 1/2-1/2

[Event "San Felipe zt"]
[Site "San Felipe"]
[Date "1999.??.??"]
[Round "6"]
[White "Hernandez, Alexander"]
[Black "Dominguez, Jose Manuel"]
[Result "0-1"]
[WhiteElo "2245"]
[BlackElo "2325"]
[EventDate "1999.??.??"]
[PlyCount "104"]

1.e4 e5 2.Nf3 Nc6 3.Bc4 Be7 4.O-O Nf6 5.Re1 d6 6.d3 O-O 7.c3 Bg4 8.Nbd2 
Na5 9.Bb5 a6 10.Ba4 b5 11.Bc2 Nd7 12.h3 Bh5 13.b4 Nb7 14.d4 exd4 15.cxd4 
c5 16.Bb2 cxb4 17.e5 dxe5 18.dxe5 Ndc5 19.Qe2 Ne6 20.Ne4 Qb6 21.Ng3 Bg6 
22.Bxg6 hxg6 23.Bc1 Rac8 24.Ne4 Rc4 25.Be3 Qc7 26.Rac1 Rc8 27.Qb2 Qc6 28.
Bd2 a5 29.Qb1 Nbc5 30.Nxc5 Bxc5 31.Qd3 Rd8 32.Qe2 Qd5 33.Bg5 Rc8 34.Rcd1 
Qc6 35.Be3 Bxe3 36.Qxe3 Rc3 37.Qa7 a4 38.Nd4 Nxd4 39.Qxd4 Qc4 40.Qb6 Rd3 
41.Rxd3 Qxd3 42.e6 Qd5 43.exf7+ Kxf7 44.Qe3 Qxa2 45.Qf4+ Kg8 46.Qxb4 Qc4 
47.Qd6 Qc6 48.Qb4 Qc4 49.Qd6 Kh7 50.Re7 Qc3 51.Re4 Qc1+ 52.Kh2 Qc7 0-1

[Event "San Felipe zt"]
[Site "San Felipe"]
[Date "1999.??.??"]
[Round "6"]
[White "Pazos Gambarrotti, Plinio"]
[Black "Montalvo, Alejandro"]
[Result "1-0"]
[WhiteElo "2366"]
[BlackElo "2215"]
[EventDate "1999.??.??"]
[PlyCount "157"]

1.e4 c6 2.Nc3 d5 3.Nf3 dxe4 4.Nxe4 Nf6 5.Nxf6+ gxf6 6.d4 Bg4 7.Be2 Qc7 8.
Be3 e6 9.Qd2 Nd7 10.O-O-O O-O-O 11.h3 Bh5 12.Bf4 Bd6 13.Bxd6 Qxd6 14.Qa5 
Bxf3 15.Bxf3 Nb6 16.Kb1 Kb8 17.Rd3 Rd7 18.Rhd1 f5 19.Ra3 Nc8 20.Re3 Rhd8 
21.Red3 Qf4 22.g3 Qd6 23.Qd2 Qf8 24.g4 fxg4 25.hxg4 Qg7 26.Qf4+ Ka8 27.c3 
e5 28.Qe4 exd4 29.Rxd4 Rxd4 30.Rxd4 Rxd4 31.cxd4 Nd6 32.Qf4 Qg6+ 33.Kc1 h6
34.Be2 Qg5 35.Qe3 f6 36.f4 Qg7 37.Qe6 Qf8 38.Bf3 Kb8 39.Qd7 a6 40.a4 Ka7 
41.Bxc6 Kb6 42.Bf3 Qc8+ 43.Qxc8 Nxc8 44.Kd2 Nd6 45.Kd3 Kc7 46.Bg2 b6 47.
Bd5 a5 48.Ke3 Kd7 49.Kf3 Ke7 50.Kg3 Kf8 51.Kh4 Kg7 52.Kh5 Ne8 53.Be4 Nd6 
54.Bd3 Nf7 55.Bg6 Nd8 56.Bf5 Nf7 57.Be6 Nd6 58.Bd5 Ne8 59.b3 Nd6 60.Bc6 
Nf7 61.Kh4 Kf8 62.Be4 Kg7 63.Kg3 Kf8 64.Bd5 Nd6 65.Bc4 Ke7 66.Bd5 Kf8 67.
Kh4 Kg7 68.Kh5 Ne8 69.g5 hxg5 70.fxg5 Nd6 71.Kg4 Ne8 72.Kf5 fxg5 73.Bc6 
Nf6 74.Ke6 g4 75.d5 Ne4 76.d6 Nc5+ 77.Ke7 Nxb3 78.d7 Nd4 79.Be4 1-0

[Event "San Felipe zt"]
[Site "San Felipe"]
[Date "1999.??.??"]
[Round "6"]
[White "Soto Paez, Oliver de la Trinid"]
[Black "Sequera Paolini, Jose"]
[Result "0-1"]
[WhiteElo "2323"]
[BlackElo "2340"]
[EventDate "1999.??.??"]
[PlyCount "118"]

1.e4 e6 2.d4 d5 3.Nd2 Nf6 4.e5 Nfd7 5.Bd3 c5 6.c3 Nc6 7.Ne2 cxd4 8.cxd4 f6
9.exf6 Qxf6 10.Nf3 h6 11.O-O Bd6 12.Bb1 O-O 13.Qd3 Rd8 14.g3 Nf8 15.Bf4 e5
16.dxe5 Bxe5 17.Nxe5 Nxe5 18.Bxe5 Qxe5 19.Nd4 Bh3 20.Rd1 Bg4 21.f3 Bh5 22.
Qd2 Ne6 23.f4 Qf6 24.Nxe6 Qxe6 25.Re1 Qb6+ 26.Qf2 d4 27.Bd3 Re8 28.Re4 
Rxe4 29.Bxe4 Re8 30.Re1 d3 31.Qxb6 axb6 32.Bd5+ Kf8 33.Rf1 d2 34.Bb3 Re1 
35.Kf2 Rxf1+ 36.Kxf1 d1=Q+ 37.Bxd1 Bxd1 38.Kf2 Ke7 39.Ke3 Kf6 40.Ke4 Bc2+ 
41.Kf3 Bd1+ 42.Ke4 Bg4 43.Kd5 Kf5 44.Kd6 Bf3 45.Ke7 g6 46.Kf7 h5 47.h3 
Bd5+ 48.Kg7 Bxa2 49.Kh6 Bb1 50.Kg7 Be4 51.Kf7 Bg2 52.g4+ Kxf4 53.Kxg6 h4 
54.Kf6 Kg3 55.g5 Be4 56.g6 Kxh3 57.g7 Bh7 58.Kg5 Kg3 59.Kh6 Bg8 0-1

[Event "San Felipe zt"]
[Site "San Felipe"]
[Date "1999.??.??"]
[Round "6"]
[White "Warner, Delisle"]
[Black "Croes, Octavio"]
[Result "1-0"]
[WhiteElo "2199"]
[BlackElo "2120"]
[EventDate "1999.??.??"]
[PlyCount "47"]

1.d4 Nf6 2.c4 e6 3.Nc3 Bb4 4.e3 O-O 5.Bd3 d5 6.Ne2 b6 7.O-O Bb7 8.a3 Bxc3 
9.bxc3 dxc4 10.Bxc4 Nbd7 11.f3 c5 12.e4 Qc7 13.Bd3 Rfd8 14.Qe1 cxd4 15.
cxd4 Nc5 16.Bf4 Qc6 17.Bc2 Qb5 18.Nc3 Qc4 19.dxc5 Qxc5+ 20.Be3 Qc4 21.Rc1 
Rac8 22.e5 Qxc3 23.Bxh7+ Nxh7 24.Rxc3 1-0

[Event "San Felipe zt"]
[Site "San Felipe"]
[Date "1999.??.??"]
[Round "6"]
[White "Yee, Frank"]
[Black "Mera Cedeno, Angel"]
[Result "1/2-1/2"]
[WhiteElo "2200"]
[BlackElo "2361"]
[EventDate "1999.??.??"]
[PlyCount "148"]

1.e4 c5 2.Nf3 g6 3.Nc3 Bg7 4.d4 cxd4 5.Nxd4 Nc6 6.Be3 Nf6 7.Nb3 O-O 8.Be2 
d6 9.O-O Be6 10.f4 Qc8 11.Qd2 Rd8 12.Bf3 Bc4 13.Rfe1 d5 14.exd5 Nb4 15.d6 
Rxd6 16.Qf2 Ng4 17.Bxg4 Qxg4 18.Bc5 Bxb3 19.axb3 Nc6 20.Kh1 Bd4 21.Bxd4 
Rxd4 22.Re4 Rad8 23.Rae1 Qf5 24.Rxd4 Rxd4 25.Rf1 Qd7 26.Re1 Qd6 27.Ne4 Qd5
28.Nc3 Qd7 29.Kg1 Nb4 30.Ne4 Rd1 31.c3 Nc2 32.Rf1 Na1 33.b4 Nb3 34.Nc5 
Rxf1+ 35.Qxf1 Nxc5 36.bxc5 Qf5 37.b4 Qe4 38.Qc1 Qe2 39.g3 h5 40.h3 Qf3 41.
Qe1 h4 42.gxh4 e6 43.Qe5 Qg3+ 44.Kf1 Qf3+ 45.Kg1 a6 46.Kh2 Kh7 47.Qf6 Qe2+
48.Kg1 Qe1+ 49.Kh2 Qd2+ 50.Kg1 Kg8 51.Qe5 Qd8 52.Kh2 Kh7 53.Kg3 Qd3+ 54.
Kh2 Qd7 55.Kg3 Kg8 56.Kg4 Qd1+ 57.Kg3 Qg1+ 58.Kf3 Qh2 59.Qf6 Qxh3+ 60.Ke4 
Qh1+ 61.Ke3 Qe1+ 62.Kd3 Qd1+ 63.Ke3 a5 64.bxa5 Qg1+ 65.Kd3 Qxc5 66.Qd8+ 
Kh7 67.Qf6 Qd5+ 68.Kc2 Kg8 69.Qg5 Qc4 70.Kb2 Kg7 71.Qe5+ f6 72.Qd4 Qc6 73.
Ka3 Kf7 74.Kb4 Qc7 1/2-1/2

[Event "San Felipe zt"]
[Site "San Felipe"]
[Date "1999.??.??"]
[Round "7"]
[White "Denny, Kevin"]
[Black "Santa Torres, Luis A"]
[Result "1-0"]
[WhiteElo "2302"]
[BlackElo "2222"]
[EventDate "1999.??.??"]
[PlyCount "69"]

1.e4 c6 2.d4 d5 3.e5 Bf5 4.Nf3 e6 5.Be2 Nd7 6.O-O Ne7 7.b3 h6 8.c4 Bh7 9.
Nc3 a6 10.c5 Nf5 11.b4 Be7 12.g4 Nh4 13.Nxh4 Bxh4 14.f4 f5 15.Bd3 O-O 16.
Be3 Qe7 17.Kh1 fxg4 18.Bxh7+ Kxh7 19.Qxg4 Rf5 20.Rg1 Raf8 21.Rg2 R8f7 22.
a4 Kh8 23.Rag1 Qd8 24.b5 Nb8 25.Bd2 axb5 26.axb5 Be7 27.Qg6 Qd7 28.Ra1 Bh4
29.Qg4 Qe7 30.Ra7 Rf8 31.bxc6 Nxc6 32.Ra4 R5f7 33.Nb5 Qd8 34.Nd6 Rd7 35.
Qxe6 1-0

[Event "San Felipe zt"]
[Site "San Felipe"]
[Date "1999.??.??"]
[Round "7"]
[White "Ordonez, Francisco"]
[Black "Hernandez, Alexander"]
[Result "1/2-1/2"]
[WhiteElo "2295"]
[BlackElo "2245"]
[EventDate "1999.??.??"]
[PlyCount "21"]

1.d4 d5 2.c4 e6 3.Nc3 c6 4.Nf3 f5 5.g3 Bd6 6.Bg2 Nf6 7.O-O O-O 8.Qc2 Ne4 
9.c5 Bc7 10.Bf4 Nd7 11.b4 1/2-1/2

[Event "San Felipe zt"]
[Site "San Felipe"]
[Date "1999.??.??"]
[Round "7"]
[White "Pazos Gambarrotti, Plinio"]
[Black "Alvarez Marquez, Johan"]
[Result "1/2-1/2"]
[WhiteElo "2366"]
[BlackElo "2193"]
[EventDate "1999.??.??"]
[PlyCount "29"]

1.Nf3 Nf6 2.g3 g6 3.Bg2 Bg7 4.O-O O-O 5.d4 d6 6.b3 Nc6 7.Bb2 e5 8.dxe5 Ng4
9.Nfd2 Ngxe5 10.Nc3 Re8 11.h3 d5 12.Nxd5 Bxh3 13.e4 Bxg2 14.Kxg2 Ne7 15.
Nxe7+ 1/2-1/2

[Event "San Felipe zt"]
[Site "San Felipe"]
[Date "1999.??.??"]
[Round "7"]
[White "Rohl Montes, Juan Armando"]
[Black "Dominguez, Jose Manuel"]
[Result "1/2-1/2"]
[WhiteElo "2360"]
[BlackElo "2325"]
[EventDate "1999.??.??"]
[PlyCount "34"]

1.e4 e5 2.Nf3 Nc6 3.d4 exd4 4.Nxd4 d6 5.Bb5 Bd7 6.O-O Nf6 7.Re1 Be7 8.Nc3 
O-O 9.Bxc6 bxc6 10.Qd3 Rb8 11.b3 Ng4 12.Nf3 Bf6 13.Bf4 Qe7 14.Rad1 Rbd8 
15.h3 Ne5 16.Nxe5 dxe5 17.Bc1 Bg5 1/2-1/2

[Event "San Felipe zt"]
[Site "San Felipe"]
[Date "1999.??.??"]
[Round "7"]
[White "Sosa, Luis"]
[Black "Yee, Frank"]
[Result "1/2-1/2"]
[WhiteElo "2254"]
[BlackElo "2200"]
[EventDate "1999.??.??"]
[PlyCount "119"]

1.e4 e5 2.Nf3 Nc6 3.Bb5 a6 4.Ba4 Nf6 5.O-O Be7 6.Bxc6 dxc6 7.Qe1 c5 8.d3 
Bd6 9.Nbd2 Bd7 10.Nc4 Qe7 11.a4 O-O 12.a5 h6 13.b3 Bg4 14.Nfd2 Nd7 15.f3 
Be6 16.Qg3 Qg5 17.Qxg5 hxg5 18.Nxd6 cxd6 19.Nc4 Bxc4 20.dxc4 f6 21.Rd1 Kf7
22.Rxd6 Ke7 23.Rd5 Rfc8 24.Be3 Rc7 25.g3 Rac8 26.Kf2 Nf8 27.Rh1 Ne6 28.c3 
Rc6 29.Rhd1 R8c7 30.Kg2 Nf8 31.Rh1 Ne6 32.h4 gxh4 33.Rxh4 Kf7 34.Rh1 Ke7 
35.Kf2 Kf7 36.Ke2 Ke7 37.f4 exf4 38.gxf4 Rc8 39.f5 Nf8 40.Rhd1 Ke8 41.Bf4 
b6 42.e5 bxa5 43.exf6 Rxf6 44.Bd6 Nd7 45.Kf3 Kf7 46.Be7 Kxe7 47.Rxd7+ Kf8 
48.Kf4 g6 49.R1d5 Rxf5+ 50.Rxf5+ gxf5 51.Ra7 Rb8 52.Rxa6 Rxb3 53.Rxa5 Rxc3
54.Rxc5 Ke7 55.Kxf5 Kd6 56.Rc8 Kd7 57.Rc5 Kd6 58.Rd5+ Kc6 59.Rd4 Kc5 60.
Ke4 1/2-1/2

[Event "San Felipe zt"]
[Site "San Felipe"]
[Date "1999.??.??"]
[Round "7"]
[White "Soto Paez, Oliver de la Trinid"]
[Black "Melendez Tirado, Bernardo Ramon"]
[Result "1/2-1/2"]
[WhiteElo "2323"]
[BlackElo "2135"]
[EventDate "1999.??.??"]
[PlyCount "81"]

1.e4 g6 2.Nf3 Bg7 3.Nc3 d6 4.d4 Nf6 5.Be2 O-O 6.O-O Nc6 7.h3 e5 8.dxe5 
Nxe5 9.Nxe5 dxe5 10.Bc4 c6 11.a4 Nh5 12.Be3 Nf4 13.Qxd8 Rxd8 14.Rfd1 Re8 
15.f3 Ne6 16.Rd2 Bf8 17.Ne2 Kg7 18.Ng3 Be7 19.Rad1 Rd8 20.Rxd8 Bxd8 21.Kf1
Be7 22.Bg1 Kf8 23.Ne2 Ke8 24.Nc1 b6 25.Nd3 f6 26.Be3 Bd7 27.Kf2 Rc8 28.c3 
Bd6 29.h4 Ke7 30.Ra1 f5 31.g3 Rf8 32.Bh6 Rb8 33.Re1 Nc5 34.Nxc5 Bxc5+ 35.
Kg2 Be6 36.Bxe6 Kxe6 37.exf5+ gxf5 38.Rxe5+ Kxe5 39.Bf4+ Kd5 40.Bxb8 b5 
41.a5 1/2-1/2

[Event "San Felipe zt"]
[Site "San Felipe"]
[Date "1999.??.??"]
[Round "7"]
[White "Warner, Delisle"]
[Black "Martinez, Carlos"]
[Result "0-1"]
[WhiteElo "2199"]
[BlackElo "2270"]
[EventDate "1999.??.??"]
[PlyCount "120"]

1.d4 Nf6 2.c4 g6 3.Nc3 Bg7 4.e4 O-O 5.f4 d6 6.Nf3 c5 7.d5 e6 8.a4 e5 9.
fxe5 Ng4 10.exd6 Qxd6 11.h3 Qg3+ 12.Kd2 Nf2 13.Ne2 Nxe4+ 14.Kc2 Qc7 15.Qe1
a5 16.Bf4 Qb6 17.Nc3 Na6 18.Nb5 Bf5 19.g4 Bxg4 20.hxg4 Qf6 21.Qc1 g5 22.
Nxg5 Nb4+ 23.Kb3 Nxg5 24.Rh5 h6 25.Bxg5 hxg5 26.Rxg5 Rfe8 27.Rf5 Re3+ 28.
Nc3 Qb6 29.Qd2 Rd8 30.Ka3 Rde8 31.Rc1 Rg3 32.Qf4 Rge3 33.Rxf7 Re1 34.Rd7 
Nc2+ 35.Ka2 Nb4+ 36.Kb1 Qg6+ 37.Qf5 Qxf5+ 38.gxf5 Rxc1+ 39.Kxc1 Re1+ 40.
Kd2 Rxf1 41.Rxb7 Rf2+ 42.Kd1 Nd3 43.Ne4 Nxb2+ 44.Kc1 Nd3+ 45.Kd1 Rf4 46.
Nd6 Bd4 47.Nf7 Nb2+ 48.Ke2 Nxc4 49.Rd7 Kf8 50.d6 Rxf5 51.Ne5 Rxe5+ 52.Kd3 
Nb2+ 53.Kd2 Nxa4 54.Ra7 Nb6 55.Rxa5 Rd5 56.Rb5 Nd7 57.Kd3 Kf7 58.Ke4 Re5+ 
59.Kd3 Re3+ 60.Kc4 Ke6 0-1

[Event "San Felipe zt"]
[Site "San Felipe"]
[Date "1999.??.??"]
[Round "8"]
[White "Alvarez Marquez, Johan"]
[Black "Ordonez, Francisco"]
[Result "1-0"]
[WhiteElo "2193"]
[BlackElo "2295"]
[EventDate "1999.??.??"]
[PlyCount "79"]

1.d4 Nf6 2.c4 g6 3.Nc3 Bg7 4.Nf3 O-O 5.g3 d6 6.Bg2 Nc6 7.d5 Na5 8.Nd2 c5 
9.O-O e6 10.Qc2 Rb8 11.b3 a6 12.Bb2 b5 13.cxb5 axb5 14.dxe6 Bxe6 15.Nce4 
b4 16.Rfd1 Bf5 17.Nxf6+ Qxf6 18.Bxf6 Bxc2 19.Bxg7 Kxg7 20.Rdc1 Bf5 21.e4 
Be6 22.e5 dxe5 23.Rxc5 Nb7 24.Rxe5 Nd6 25.Nf3 Nb5 26.Bf1 Na3 27.Nd4 Bd7 
28.Re7 Rfd8 29.Rc1 Kf8 30.Re5 Be8 31.Nc6 Rbc8 32.Rec5 Bxc6 33.Rxc6 Rxc6 
34.Rxc6 Rd4 35.Kg2 Rd2 36.Rb6 Nc2 37.Ba6 Ne1+ 38.Kf1 Nf3 39.Rxb4 Nxh2+ 40.
Kg2 1-0

[Event "San Felipe zt"]
[Site "San Felipe"]
[Date "1999.??.??"]
[Round "8"]
[White "Croes, Octavio"]
[Black "Martinez, Carlos"]
[Result "1-0"]
[WhiteElo "2120"]
[BlackElo "2270"]
[EventDate "1999.??.??"]
[PlyCount "151"]

1.d4 d5 2.c4 e6 3.g3 c6 4.Bg2 f5 5.Nf3 Nf6 6.Nc3 Bd6 7.b3 O-O 8.Bb2 Nbd7 
9.O-O Qe8 10.Qd3 Ne4 11.Nd2 Ndf6 12.f3 Nxd2 13.Qxd2 f4 14.gxf4 Nh5 15.e3 
Qg6 16.Qf2 Bd7 17.Ne2 Qh6 18.Kh1 Rf6 19.Rg1 Raf8 20.Bf1 Be8 21.Ng3 Qg6 22.
Rd1 Qf7 23.Bd3 Rh6 24.Bc1 Qc7 25.Nxh5 Bxh5 26.Rg3 Bg6 27.Bxg6 hxg6 28.Rdg1
Kf7 29.R1g2 Qe7 30.Rg5 Qf6 31.R5g4 Qf5 32.Qe2 Qb1 33.Qc2 Qxc2 34.Rxc2 Rfh8
35.e4 Rh3 36.Rcg2 Rxf3 37.exd5 Rf1+ 38.Rg1 Rxg1+ 39.Kxg1 cxd5 40.cxd5 exd5
41.Rg5 Rh5 42.Rg3 Rf5 43.Rg4 Rh5 44.Rg3 Be7 45.Rc3 Bd8 46.Rc8 Bb6 47.Be3 
Kf6 48.Kg2 Kf5 49.Re8 Kf6 50.Kg3 Bc7 51.Ra8 g5 52.Rxa7 gxf4+ 53.Bxf4 Rg5+ 
54.Kf3 Rf5 55.Rxb7 Bxf4 56.Kg4 Bd6 57.Rb6 Rf4+ 58.Kg3 Rxd4+ 59.Rxd6+ Kf5 
60.Kf3 Rd2 61.a4 Ke5 62.Rb6 Rxh2 63.a5 Ra2 64.a6 Kd4 65.b4 Ra3+ 66.Ke2 g5 
67.b5 Ke4 68.Rb7 Ra2+ 69.Ke1 Ra5 70.a7 g4 71.b6 g3 72.Kf1 d4 73.Re7+ Kf3 
74.Rf7+ Ke3 75.Rf8 d3 76.a8=Q 1-0

[Event "San Felipe zt"]
[Site "San Felipe"]
[Date "1999.??.??"]
[Round "8"]
[White "Dominguez, Jose Manuel"]
[Black "Sequera Paolini, Jose"]
[Result "1/2-1/2"]
[WhiteElo "2325"]
[BlackElo "2340"]
[EventDate "1999.??.??"]
[PlyCount "85"]

1.Nf3 f5 2.d3 Nf6 3.c4 e6 4.Nc3 d5 5.e3 Be7 6.Be2 O-O 7.O-O b6 8.a3 Bb7 9.
b3 Qe8 10.Bb2 Nbd7 11.Qc2 Qg6 12.cxd5 exd5 13.Nb5 c6 14.Nc7 Rac8 15.Ne6 
Rfe8 16.Nh4 Qf7 17.Ng5 Qf8 18.Ne6 Qf7 19.Ng5 Qf8 20.Nxf5 Bd8 21.Nd4 Qd6 
22.Nf5 Qf8 23.Ng3 Bc7 24.Rad1 c5 25.Nf3 Ng4 26.Nh4 Ndf6 27.Nhf5 g6 28.Bxg4
Nxg4 29.Bg7 Qf7 30.Nh6+ Nxh6 31.Bxh6 Qf6 32.e4 g5 33.Nf5 dxe4 34.Qc4+ Re6 
35.dxe4 Bxe4 36.Ng7 Bf5 37.Nxf5 Qxf5 38.Rfe1 Bxh2+ 39.Kxh2 Qf4+ 40.Qxf4 
Rxh6+ 41.Kg3 gxf4+ 42.Kf3 Rc7 43.Rd8+ 1/2-1/2

[Event "San Felipe zt"]
[Site "San Felipe"]
[Date "1999.??.??"]
[Round "8"]
[White "Hernandez, Alexander"]
[Black "Montalvo, Alejandro"]
[Result "1/2-1/2"]
[WhiteElo "2245"]
[BlackElo "2215"]
[EventDate "1999.??.??"]
[PlyCount "175"]

1.e4 c6 2.d4 d5 3.exd5 cxd5 4.Bd3 Nc6 5.c3 g6 6.Bf4 Nh6 7.Nf3 Bg7 8.h4 Bf5
9.Bxf5 Nxf5 10.Qb3 Qd7 11.O-O h6 12.Nbd2 O-O 13.Rfe1 e6 14.a4 b6 15.Qb5 
Rfd8 16.Qe2 Rac8 17.g4 Nd6 18.Ne5 Nxe5 19.Bxe5 Re8 20.Bxd6 Qxd6 21.Nf3 Qf4
22.Nh2 e5 23.Qe3 Qf6 24.g5 hxg5 25.dxe5 Qe6 26.Qxg5 Rc4 27.f4 Kh7 28.Ng4 
d4 29.cxd4 Rxd4 30.h5 Rc8 31.Re2 Qf5 32.hxg6+ fxg6 33.Qxf5 gxf5 34.Nf2 
Rxf4 35.Rd1 Rg8 36.Rd7 Kh6 37.Kf1 Re8 38.e6 Bd4 39.e7 Bxf2 40.Rxf2 Rxa4 
41.Rxf5 Re4 42.Rxa7 R8xe7 43.Rf6+ Kg5 44.Rxe7 Rxe7 45.Rxb6 Kf4 46.Kf2 Ke5 
47.Ke3 Kd5+ 48.Kd3 Kc5 49.Rb8 Kc6 50.Kc3 Kc7 51.Rb5 Re4 52.Rb4 Re1 53.Kc4 
Rc1+ 54.Kd5 Rd1+ 55.Rd4 Rb1 56.Rb4 Rd1+ 57.Kc5 Rc1+ 58.Kb5 Kb7 59.Rh4 Rg1 
60.Rh7+ Kb8 61.b4 Rg5+ 62.Ka6 Rg6+ 63.Ka5 Rg5+ 64.b5 Rg1 65.Ka6 Rg6+ 66.b6
Rg8 67.Rb7+ Ka8 68.Rd7 Kb8 69.Rd6 Rh8 70.Kb5 Kb7 71.Rd7+ Kb8 72.Ka6 Rg8 
73.Rb7+ Ka8 74.Rc7 Kb8 75.Rc5 Rh8 76.Kb5 Rg8 77.Ka6 Rh8 78.Rd5 Rg8 79.Rd6 
Rh8 80.b7 Rg8 81.Kb6 Rh8 82.Kc6 Rg8 83.Kb6 Rh8 84.Rc6 Rg8 85.Rc2 Rg6+ 86.
Rc6 Rg8 87.Rc8+ Rxc8 88.bxc8=N 1/2-1/2

[Event "San Felipe zt"]
[Site "San Felipe"]
[Date "1999.??.??"]
[Round "8"]
[White "Santa Torres, Luis A"]
[Black "Sosa, Luis"]
[Result "1/2-1/2"]
[WhiteElo "2222"]
[BlackElo "2254"]
[EventDate "1999.??.??"]
[PlyCount "38"]

1.b3 e5 2.Bb2 d6 3.g3 Nf6 4.Bg2 Be7 5.c4 O-O 6.Nc3 c6 7.d4 Qc7 8.e4 a6 9.
Nge2 b5 10.cxb5 axb5 11.a3 Re8 12.O-O Qb6 13.h3 Nbd7 14.Kh1 Bd8 15.f4 exd4
16.Nxd4 Nc5 17.Re1 d5 18.e5 Nfe4 19.Nxe4 Nxe4 1/2-1/2

[Event "San Felipe zt"]
[Site "San Felipe"]
[Date "1999.??.??"]
[Round "8"]
[White "Yanez, Wilbert"]
[Black "Cave, Christo"]
[Result "1-0"]
[WhiteElo "2230"]
[BlackElo "2276"]
[EventDate "1999.??.??"]
[PlyCount "105"]

1.e4 e6 2.d4 d5 3.Nd2 c5 4.exd5 Qxd5 5.Ngf3 Nc6 6.Bc4 Qd8 7.dxc5 Bxc5 8.
O-O Nf6 9.Qe2 O-O 10.Nb3 Be7 11.Bg5 a6 12.Rad1 Qc7 13.c3 b5 14.Bd3 Nd5 15.
Bb1 Rd8 16.Qe4 f5 17.Qh4 h6 18.Bxe7 Ncxe7 19.Rfe1 Ng6 20.Qd4 Bb7 21.Qc5 
Qf7 22.Nbd4 Ndf4 23.g3 Rac8 24.Qb6 Nh3+ 25.Kf1 Bd5 26.Bd3 Qf6 27.Rxe6 Bxe6
28.Qxe6+ Qxe6 29.Nxe6 Rd5 30.Nfd4 Ne7 31.f4 g5 32.Kg2 g4 33.Re1 Kf7 34.Bc2
Kf6 35.Bb3 Rd6 36.Re5 b4 37.c4 h5 38.c5 Rd7 39.c6 Rd6 40.c7 h4 41.Rc5 hxg3
42.hxg3 Rh8 43.Ra5 Re8 44.Rc5 Ra8 45.Ra5 Rc8 46.Bc4 Ra8 47.b3 Ra7 48.Rxf5+
Nxf5 49.c8=Q Ne3+ 50.Kh2 Nxc4 51.Qh8+ Kg6 52.f5+ Kf7 53.Qf8# 1-0

[Event "San Felipe zt"]
[Site "San Felipe"]
[Date "1999.??.??"]
[Round "8"]
[White "Yee, Frank"]
[Black "Soto Paez, Oliver de la Trinid"]
[Result "0-1"]
[WhiteElo "2200"]
[BlackElo "2323"]
[EventDate "1999.??.??"]
[PlyCount "70"]

1.e4 c5 2.Nf3 e6 3.d4 cxd4 4.Nxd4 a6 5.Bd3 Nf6 6.O-O Qc7 7.Nc3 b5 8.a3 Bb7
9.Bg5 Be7 10.h3 Nc6 11.Nb3 Rd8 12.f4 d6 13.Qf3 Nb8 14.Rae1 Nbd7 15.Qe3 e5 
16.f5 h6 17.Bh4 O-O 18.Kh2 Ng4+ 19.hxg4 Bxh4 20.Rd1 d5 21.Qf3 Nf6 22.g3 
Bg5 23.exd5 Nxd5 24.Nxd5 Rxd5 25.Be4 Rxd1 26.Rxd1 Qxc2+ 27.Bxc2 Bxf3 28.
Rd6 Rc8 29.Bb1 a5 30.f6 g6 31.Bd3 a4 32.Nc5 Rxc5 33.Rd8+ Kh7 34.Rf8 Rc1 
35.Rxf7+ Kg8 0-1

[Event "San Felipe zt"]
[Site "San Felipe"]
[Date "1999.??.??"]
[Round "9"]
[White "Martinez, Carlos"]
[Black "Santa Torres, Luis A"]
[Result "1-0"]
[WhiteElo "2270"]
[BlackElo "2222"]
[EventDate "1999.??.??"]
[PlyCount "78"]

1.e4 e6 2.d4 d5 3.Nc3 Bb4 4.e5 c5 5.a3 Bxc3+ 6.bxc3 Ne7 7.a4 Nbc6 8.Nf3 
Qa5 9.Bd2 Bd7 10.Be2 f6 11.O-O O-O-O 12.Qc1 c4 13.Qa3 Nf5 14.Rfb1 Qc7 15.
Rb5 Kb8 16.Rab1 Bc8 17.a5 Ka8 18.Qc5 Rd7 19.Kh1 h5 20.Bf1 h4 21.Re1 Rf7 
22.Reb1 Nb8 23.Qa3 Nd7 24.h3 a6 25.R5b4 fxe5 26.Nxe5 Nxe5 27.Bf4 Nxd4 28.
Bxe5 Qxe5 29.cxd4 Qxd4 30.Rb6 Rd8 31.Qb4 Ka7 32.f4 Re7 33.f5 exf5 34.Rg6 
Qe5 35.Qd2 Rd6 36.Rxd6 Qxd6 37.Be2 Qc5 38.Bf3 d4 39.Qf4 Rd7 1-0

[Event "San Felipe zt"]
[Site "San Felipe"]
[Date "1999.??.??"]
[Round "9"]
[White "Pazos Gambarrotti, Plinio"]
[Black "Hernandez, Alexander"]
[Result "1/2-1/2"]
[WhiteElo "2366"]
[BlackElo "2245"]
[EventDate "1999.??.??"]
[PlyCount "68"]

1.e4 e5 2.Nf3 Nc6 3.d4 exd4 4.Nxd4 Bc5 5.Be3 Qf6 6.c3 Nge7 7.g3 d5 8.Bg2 
Nxd4 9.cxd4 Bb4+ 10.Nc3 c6 11.O-O Bxc3 12.bxc3 dxe4 13.Bxe4 Bf5 14.Bg2 O-O
15.c4 Qg6 16.Re1 Be6 17.Qb3 b5 18.Qa3 Rfe8 19.cxb5 Bd5 20.Bxd5 Nxd5 21.
bxc6 Qxc6 22.Rac1 Qd7 23.Rc5 h5 24.h4 Rad8 25.Qb3 g6 26.Qb5 Qf5 27.Bd2 
Rxe1+ 28.Bxe1 Qe4 29.Ba5 Nb6 30.Re5 Qxd4 31.Re8+ Rxe8 32.Qxe8+ Kg7 33.Bxb6
axb6 34.a4 Qd1+ 1/2-1/2